000 00302nam a2200133Ia 4500
005 20251222152045.0
008 251222s9999||||xx |||||||||||||| ||spa||
020 _a9789972050664
082 _a289.8/B45
100 _a"Benedicto XVI, Papa"
245 0 _aSpe Salvi
264 _bINDECOPI
942 _cLIB
999 _c26200
_d26200